000 00327nam a22001457a 4500
003 SGT
020 _a9788131250976
082 _a346.080954
_bGUP
100 _aGUPTA, RAJESH NARAIN
245 _aBANKING LAW AND PRACTICE IN INDIA
250 _a27
260 _aGURGAON
_bLEXIS NEXIS
_c2017
300 _a2533
942 _2ddc
_cBK
999 _c19776
_d19776